• 首页
  • 本馆介绍
  • 公告通知
  • 最新文献
  • 馆藏检索
  • 电子资源
  • 读者导购
  • 参考咨询
  • 我的图书馆
  • 登录
  • 详细信息显示
  • 放入我的书架
  • 预约/预借图书
  • 作者相关作品
  • 分类相关作品
  • 丛书相关作品
  • 出版社相关作品

书目信息

  • 表格格式
  • 工作单格式
  • 卡片格式
题名:
区域合作与水环境综合整治
    
 
作者: 吴群河 编著
分册:  
出版信息: 北京   化学工业出版社  2005
页数: 308页
开本: 26cm
丛书名:
单 册:
中图分类: X321
科图分类:
主题词: 流域--水环境--综合治理 , 流域 , 水环境 , 综合治理
电子资源:
ISBN: 7-5025-6298-2
000 01039nam0 2200277 450
001 002841313
005 20050510084526.0
010    @a7-5025-6298-2@b精装@dCNY80.00
035    @a002841313
100    @a20050221d2005 em y0chiy0110 ea
101 0  @achi
102    @aCN@b110000
105    @ab z 000yy
106    @ar
200 1  @a区域合作与水环境综合整治@Aqu yu he zuo yu shui huan jing zong he zheng zhi@f吴群河等编著@Fwu qun he deng bian zhu
210    @a北京@c化学工业出版社@d2005
215    @a308页@c地图@d26cm
330    @a本书分为“思路篇”和“实践篇”两篇,“思路篇”借鉴泰晤士河以及莱茵河水环境综合整治的经验,总结我国淮河流域以及城市河段水环境综合整治的经验与教训;“实践篇”是在“广州、佛山跨市水污染综合整治方案”课题研究成果的基础上撰写的,介绍区域合作开展水环境综合整治的基本做法。
606 0  @a流域@x水环境@x综合治理
606 0  @a流域
606 0  @a水环境
606 0  @a综合治理
690    @aX321@v4
701  0 @a吴群河@Awu qun he@4编著
801  0 @aCN@bNLC@c20050511
905    @dX143@e122 @f3
    
    区域合作与水环境综合整治/吴群河等编著.-北京:化学工业出版社,2005
    308页:地图;26cm
    
    
    ISBN 7-5025-6298-2(精装):CNY80.00
    本书分为“思路篇”和“实践篇”两篇,“思路篇”借鉴泰晤士河以及莱茵河水环境综合整治的经验,总结我国淮河流域以及城市河段水环境综合整治的经验与教训;“实践篇”是在“广州、佛山跨市水污染综合整治方案”课题研究成果的基础上撰写的,介绍区域合作开展水环境综合整治的基本做法。
●
相关链接 在E读中查询图书 在五车中查询图书 在当当中查询图书 在豆瓣中查询图书


正题名:区域合作与水环境综合整治     索取号:X143/122         预约/预借

序号 登录号 条形码 馆藏地/架位号 状态 备注
1 0583077   205830779   第二样本阅览室/ [索取号:X143/122] 在馆    
2 0583078   205830788   第三借阅区/ [索取号:X143/122] 在馆    
3 0583079   205830797   第三借阅区/ [索取号:X143/122] 在馆    
4 0583080   205830804   第三借阅区/ [索取号:X143/122] 在馆    
5 0583081   205830813   第三借阅区/ [索取号:X143/122] 在馆    
6 0583082   205830822   第三借阅区/ [索取号:X143/122] 在馆    
7 0583083   205830831   第三借阅区/ [索取号:X143/122] 在馆    
8 0583084   205830840   第三借阅区/ [索取号:X143/122] 在馆    
9 0850665   208506650   第三借阅区/ [索取号:X143/122] 在馆    
10 0850666   208506669   第三借阅区/ [索取号:X143/122] 在馆    
11 0850667   208506678   第三借阅区/ [索取号:X143/122] 在馆    
唐山师范学院图书馆 欢迎您!
大连网信软件有限公司© 版权所有